Da Prt̀ica Processual

Bibliographic Details
Main Author: Leitó, Helder Martins
Format: Unknown
Language:English
Published: Portugal : Almeida & Leitó, 2006
Subjects:
Online Access:Acceso restringido

MARC

LEADER 00000ny a22000003n 4500
005 20110622125219.0
008 091223s2006 po 000 0 eng d
020 |a 9789727490288 
035 |a 1825 
040 |a BUS  |d vLex 
090 |c 1004  |d 1004 
100 1 |a Leitó, Helder Martins 
245 1 0 |a Da Prt̀ica Processual  |h [Recurso electrn̤ico]  |c Helder Martins Leitó  
256 |a Servicio en ln̕ea 
260 |a Portugal :  |b Almeida & Leitó,  |c 2006 
300 |a p. ;  |c cm 
506 1 |a Contenido solo disponible en los productos indicados  |d vLex Global  |d vLex Global (Academic Edition, excluding Law Schools)  |d vLex Global (U.S. Academic Edition, Law Schools)  |d vLex Global (U.S. Academic Edition, excluding Law Schools)  |d vLex Global (Academic Edition, Law Schools) 
650 0 4 |a Procedimiento (Derecho) 
740 0 |a vLex Libros (Servicios en ln̕ea) 
856 4 0 |u http://vlex.com/source/1825  |z Acceso restringido 
942 |c BOOK